| 000 | 01108cam a22003134a 4500 | ||
|---|---|---|---|
| 001 | 13027563 | ||
| 005 | 20170105102851.0 | ||
| 008 | 021211s2003 njua b 001 0deng | ||
| 010 | _a 2002043002 | ||
| 020 | _a0765801868 (alk. paper) | ||
| 040 |
_aDLC _cDLC _dDLC |
||
| 041 | 1 |
_aeng _hger |
|
| 042 | _apcc | ||
| 043 | _aa-ii--- | ||
| 050 | 0 | 0 |
_aJQ281 _b.P44 2003 |
| 082 | 0 | 0 |
_a320.954/092 _221 |
| 100 | 1 |
_aPelinka, Anton, _d1941- |
|
| 245 | 1 | 0 |
_aDemocracy Indian style : _bSubhas Chandra Bose and the creation of India's political culture / _cAnton Pelinka ; translated by Renée Schell. |
| 260 |
_aNew Delhi : _bViva Books, _cc2004. |
||
| 300 |
_ax, 318 p. : _bill. ; _c24 cm. |
||
| 504 | _aIncludes bibliographical references (p. 305-311) and index. | ||
| 600 | 1 | 0 |
_aBose, Subhas Chandra, _d1897-1945. |
| 650 | 0 |
_aDemocracy _zIndia. |
|
| 650 | 0 |
_aPolitical culture _zIndia. |
|
| 700 | 1 | _aSchell, Renée. | |
| 906 |
_a7 _bcbc _corignew _d1 _eocip _f20 _gy-gencatlg |
||
| 942 |
_2ddc _cBK |
||
| 999 |
_c14298 _d14298 |
||